MARC

LEADER 00000nam0a2200000 4500
001 253881
005 20231101232902.0
010 |a 5120006086 
020 |a RU  |b 89-48462 
035 |a (RuTPU)RU\TPU\book\276298 
090 |a 253881 
100 |a 20140317d1989 k a0rusy5003 ca 
101 0 |a rus 
102 |a UA 
105 |a a z 001zy 
200 1 |a Скарны Украины  |f С. В. Нечаев, В. А. Семка  |g Академия наук Украинской ССР (АН УССР), Институт геохимии и физики минералов 
210 |a Киев  |c Наукова думка  |d 1989 
215 |a 208 с.  |c ил. 
320 |a Библиогр.: с. 205-209 (128 назв.) 
606 1 |a Скарново-грейзеновые месторождения  |2 stltpush  |3 (RuTPU)RU\TPU\subj\55016  |9 73088 
610 1 |a cкарны 
610 1 |a Украина 
610 1 |a известковые скарны 
610 1 |a локализация 
610 1 |a химический состав 
610 1 |a минеральный состав 
610 1 |a зональность 
610 1 |a рудоносность 
610 1 |a эндогенные процессы 
675 |a 553.06  |v 3 
700 1 |a Нечаев  |b С. В.  |g Сергей Валентинович  |4 070 
701 1 |a Семка  |b В. А.  |g Владимир Алексеевич  |4 070 
712 0 2 |a Академия наук Украинской ССР (АН УССР)  |b Институт геохимии и физики минералов  |2 stltpush  |3 (RuTPU)RU\TPU\col\13747 
801 0 |a RU  |b RuMRKP  |c 19950417  |g psbo 
801 1 |a RU  |b 63413507  |c 20140317 
801 2 |a RU  |b 63413507  |c 20140425  |g RCR 
942 |c BK